5HLuxD.jpg

KING HENRY VIII SENIOR AND PRIMARY SCHOOL LIBRARY OPAC

The uninvited / (Record no. 503)

000 -LEADER
fixed length control field 01104cam a2200301 a 4500
001 - CONTROL NUMBER
control field (Sirsi) a634587
003 - CONTROL NUMBER IDENTIFIER
control field OSt
005 - DATE AND TIME OF LATEST TRANSACTION
control field 20190819084847.0
008 - FIXED-LENGTH DATA ELEMENTS--GENERAL INFORMATION
fixed length control field 100424s2009 mau d 000 1 eng d
020 ## - INTERNATIONAL STANDARD BOOK NUMBER
International Standard Book Number 9780763648268
040 ## - CATALOGING SOURCE
Original cataloging agency DLC
Transcribing agency DLC
Modifying agency IG#
-- BTCTA
-- TAE
041 0# - LANGUAGE CODE
Language code of text/sound track or separate title eng
042 ## - AUTHENTICATION CODE
Authentication code nbic
043 ## - GEOGRAPHIC AREA CODE
Geographic area code n-cn---
082 ## - DEWEY DECIMAL CLASSIFICATION NUMBER
Classification number FIC WYN
100 1# - MAIN ENTRY--PERSONAL NAME
Personal name Wynne-Jones, Tim.
Relator term author
245 14 - TITLE STATEMENT
Title The uninvited /
Statement of responsibility, etc. Tim Wynne-Jones.
250 ## - EDITION STATEMENT
Edition statement 1st ed.
260 ## - PUBLICATION, DISTRIBUTION, ETC.
Place of publication, distribution, etc. Somerville, Mass. :
Name of publisher, distributor, etc. Candlewick Press,
Date of publication, distribution, etc. , ©2009.
300 ## - PHYSICAL DESCRIPTION
Extent 351 p. ;
Dimensions 21 cm.
520 ## - SUMMARY, ETC.
Summary, etc. After a disturbing freshman year at New York University, Mimi is happy to get away to her father's remote Canadian cottage only to discover a stranger living there who has never heard of her or her father and who is convinced that Mimi is responsible for leaving sinister tokens around the property.
521 1# - TARGET AUDIENCE NOTE
Target audience note 13-18.
650 #1 - SUBJECT ADDED ENTRY--TOPICAL TERM
Topical term or geographic name entry element Mystery and detective stories.
650 #0 - SUBJECT ADDED ENTRY--TOPICAL TERM
Topical term or geographic name entry element Mystery and detective stories
Form subdivision Juvenile fiction.
651 #1 - SUBJECT ADDED ENTRY--GEOGRAPHIC NAME
Geographic name Canada
Form subdivision Fiction.
651 #0 - SUBJECT ADDED ENTRY--GEOGRAPHIC NAME
Geographic name Canada
Form subdivision Juvenile fiction.
942 ## - ADDED ENTRY ELEMENTS (KOHA)
Source of classification or shelving scheme
Koha item type Books - Fiction
Holdings
Withdrawn status Lost status Source of classification or shelving scheme Damaged status Not for loan Collection code Permanent Location Current Location Shelving location Date acquired Full call number Barcode Date last seen Price effective from Koha item type
          Fiction KH8 Senior School Library KH8 Senior School Library Young Adult 2019-08-19 FIC WYN 3KHSL000101229 2024-07-23 2019-08-19 Books - Fiction

Powered By KH8 IT Dept